HANDBOOK OF HUMAN RESOURCE MANAGEMENT PR (Record no. 4133)

MARC details
000 -LEADER
fixed length control field 00374nam a2200145Ia 4500
008 - FIXED-LENGTH DATA ELEMENTS--GENERAL INFORMATION
fixed length control field 240624s9999 xx 000 0 und d
041 ## - LANGUAGE CODE
Language code of text/sound track or separate title eng
082 ## - DEWEY DECIMAL CLASSIFICATION NUMBER
Classification number 658.3 ARM
100 ## - MAIN ENTRY--PERSONAL NAME
Personal name ARMSTRONG MICHAEL
245 ## - TITLE STATEMENT
Title HANDBOOK OF HUMAN RESOURCE MANAGEMENT PR
250 ## - EDITION STATEMENT
Edition statement (10th ed.)
260 ## - PUBLICATION, DISTRIBUTION, ETC.
Date of publication, distribution, etc. 2006
Place of publication, distribution, etc. London
Name of publisher, distributor, etc. Kogan Page
300 ## - PHYSICAL DESCRIPTION
Extent xxvi, : 982 : p. : cm. ; 25
365 ## - TRADE PRICE
Currency code RS
Holdings
Withdrawn status Lost status Damaged status Not for loan Home library Current library Shelving location Date acquired Source of acquisition Cost, normal purchase price Total Holds Full call number Barcode Date last seen Copy number Price effective from Koha item type
        IMTN IMTN Rack 25-B 11/28/2006 WBD 995.00 772 658.3 ARM 4133 06/24/2024 1 06/24/2024 Books
Designed & Maintained by: LRC IMT Nagpur Contact: lrc@imtnag.ac.in© 2024. All Rights Reserved.